000 00734nam a2200241Ia 4500
003 OSt
005 20221005030917.0
006 a|||||r|||| 00| 0
007 ta
008 221004b |||||||| |||| 00| 0 eng d
024 _a18293
037 _bGift, 29/05/2015,
_cTextual
040 _aCRL
_cCRL
_beng
041 _2eng
_aeng
082 _aO111,2J64,3:g, L0
100 _aChampion Larry S.
245 0 _aEvolution of Shakespeare's comedy
_b A study in dramatic perspective
260 _aCambridge
_bHarvard University Press UK
_c1970
300 _a241p.
_ccm.
650 _aENGLISH LITERATURE
942 _hO111,2J64,3:g, L0
_cTEXL
_2cc
999 _c936912
_d936912